000 00617nam a2200229Ia 4500
001 1073
003 GE_BSU
008 181216s||||||||xx |||||||||||||| ||und||
010 _a97896920430
040 _cGE_BSU
080 _a368(075.8)
245 _aСтрахование
245 _bУч-к для студ. по спец."Финансы и кредит
245 _cПод ред.С.Ю.Яновой
260 _aМосква
260 _bЮрайт"Высшее образование
260 _c2010
300 _a830стр.
541 _h20л.
653 _aСтрахование
942 _cBK
999 _c35227
_d35227